000 00578nam a2200181Ia 4500
008 151202s9999||||xx |||||||||||||| ||und||
082 _bPNVM-33202
100 _aदांडेकर मालती.
245 _a"शततारका भा.3,4."
260 _b"अ. वि. गृह, पुणे."
260 _c1969
300 _a132
600 _aदांडेकर मालती.
630 _a"शततारका भा.3,4."
700 _aदांडेकर मालती.
730 _a"शततारका भा.3,4."
942 _cBOOK
999 _c1299163
_d1299160